Oldest Constitution - Statistics

General Stats
  • This quiz has been taken 17 times
  • The average score is 6 of 10
Answer Stats
Year Country % Correct
1788 United States
94%
1917 Mexico
81%
1814 Norway
81%
1831 Belgium
69%
1842 Luxembourg
69%
1815 Netherlands
69%
1901 Australia
63%
1853 Argentina
50%
1920 Austria
44%
1875 Tonga
6%
No matching quizzes found
Score Distribution
Percent of People with Each Score
Percentile by Number Answered
Your Score History
You have not taken this quiz